Les 30 joueurs les + chers de 2024-2025 - Statistiques

Statistiques générales
  • Ce quiz a été pris 113 fois
    40 depuis la dernière actualisation
  • Le résultat moyen est 19 sur 30
Statistiques - réponses
# De Vers Poste Valeur du transfert Pays Joueur % Correct
5 SL Benfica Paris Saint-Germain M 65 920 000 € João Neves
94%
2 Manchester City Atlético de Madrid A 75 000 000 € Julián Alvarez
94%
3 Eintracht Frankfurt Manchester City A 75 000 000 € Omar Marmoush
91%
7 Lille OSC Manchester United D 62 000 000 € Leny Yoro
88%
1 Aston Villa FC Al Nassr Club A 77 000 000 € Jhon Durán
81%
4 SSC Napoli Paris Saint-Germain A 70 000 000 € Khvicha Kvaratskhelia
81%
20 Stade Rennais FC Paris Saint-Germain A 50 000 000 € Désiré Doué
78%
14 Crystal Palace FC FC Bayern München A 53 000 000 € Michael Olise
75%
8 Aston Villa FC Al-Ittihad Club A 60 000 000 € Moussa Diaby
75%
9 Wolverhampton Wanderers Chelsea FC A 60 000 000 € Pedro Neto
75%
12 RB Leipzig FC Barcelona M 55 000 000 € Dani Olmo
72%
22 SE Palmeiras Real Madrid CF A 47 500 000 € Endrick
72%
19 Paris Saint-Germain Manchester United M 50 000 000 € Manuel Ugarte
69%
18 Paris Saint-Germain RB Leipzig M 50 000 000 € Xavi Simons
69%
6 AFC Bournemouth Tottenham Hotspur A 64 300 000 € Dominic Solanke
66%
25 FC Bayern München Manchester United D 45 000 000 € Matthijs de Ligt
66%
11 Everton FC Aston Villa FC M 59 350 000 € Amadou Onana
63%
26 Bologna FC 1909 Arsenal FC D 45 000 000 € Riccardo Calafiori
63%
15 Atlético de Madrid Chelsea FC A 52 000 000 € João Félix
56%
16 Aston Villa FC Juventus M 51 500 000 € Douglas Luiz
53%
28 Bologna FC 1909 Manchester United A 42 500 000 € Joshua Zirkzee
53%
10 FC Porto Manchester City M 60 000 000 € Nico González
53%
17 Fulham FC FC Bayern München M 51 000 000 € João Palhinha
50%
13 Atalanta BC Juventus M 54 700 000 € Teun Koopmeiners
50%
30 Chelsea FC Atlético de Madrid M 42 000 000 € Conor Gallagher
47%
24 Leeds United FC Brighton & Hove Albion A 46 700 000 € Georginio Rutter
41%
29 Brentford FC Al-Ahli Saudi FC A 42 000 000 € Ivan Toney
38%
27 Chelsea FC Aston Villa FC D 44 500 000 € Ian Maatsen
28%
21 FC Porto Al-Ahli Saudi FC A 50 000 000 € Wenderson Galeno
19%
23 Wolverhampton Wanderers West Ham United D 47 500 000 € Maximilian Kilman
9%
Aucun quiz correspondant
Distribution des résultats
% des personnes avec chaque résultat
Percentile par nombre de réponses
Votre historique - résultats
Vous n’avez pas pris ce quiz depuis la dernière actualisation